ბათუმის შოთა რუსთაველის სახელმწიფო უნივერსიტეტის ბიბლიოთეკა

Руководство к решению задач по теоретической механике (ბიბ.ჩანაწერი № 47905)

000 -LEADER
fixed length control field 00753nam a2200217Ia 4500
001 - CONTROL NUMBER
control field 14782
003 - CONTROL NUMBER IDENTIFIER
control field GE_BSU
008 - FIXED-LENGTH DATA ELEMENTS--GENERAL INFORMATION
fixed length control field 181216s||||||||xx |||||||||||||| ||und||
040 ## - CATALOGING SOURCE
Transcribing agency GE_BSU
080 ## - UNIVERSAL DECIMAL CLASSIFICATION NUMBER
Universal Decimal Classification number 531(075.32)
100 ## - MAIN ENTRY--PERSONAL NAME
Personal name Айзенберг,Т.Б. Воронков, И.М. Осецкий,В.М.
245 ## - TITLE STATEMENT
Title Руководство к решению задач по теоретической механике
245 ## - TITLE STATEMENT
Statement of responsibility, etc. Ред.И.М.Воронкова
250 ## - EDITION STATEMENT
Edition statement 6-ое стереотип.
260 ## - PUBLICATION, DISTRIBUTION, ETC.
Place of publication, distribution, etc. Москва
260 ## - PUBLICATION, DISTRIBUTION, ETC.
Name of publisher, distributor, etc. Высшая школа
260 ## - PUBLICATION, DISTRIBUTION, ETC.
Date of publication, distribution, etc. 1968
300 ## - PHYSICAL DESCRIPTION
Extent 420стр.22см.
653 ## - INDEX TERM--UNCONTROLLED
Uncontrolled term Руководство к решению задач по теоретической механике
942 ## - ADDED ENTRY ELEMENTS (KOHA)
Koha item type წიგნი
ეგზემპლარები
Withdrawn status Lost status Damaged status Not for loan Date acquired Barcode Date last seen Price effective from Koha item type
        2018-12-17 18165 2018-12-17 2018-12-17 წიგნი
        2018-12-17 18225 2018-12-17 2018-12-17 წიგნი